| 000 | 00428nam a22001577a 4500 | ||
|---|---|---|---|
| 003 | OSt | ||
| 008 | 241029b |||||||| |||| 00| 0 eng d | ||
| 020 | _a9780199582853 | ||
| 082 |
_a621.47 _bAND/ES |
||
| 100 |
_aAndrews,John _aJelley,Nick _96330 |
||
| 245 | _aenergy science :princples, technologies, and impacts | ||
| 250 | _aIndian Edition | ||
| 260 |
_aNew York _bOxford University Press _c2011 |
||
| 300 | _a328 | ||
| 942 | _cBK | ||
| 999 |
_c14282 _d14282 |
||